[Event "DEM U10 2017"]
[Site "Willingen GER"]
[Date "2017.06.07"]
[Round "6"]
[White "Hänselmann, Hendrik"]
[Black "Klühs, Gustaf"]
[Result "1-0"]
[Termination "normal"]
[Board "8"]
[WhiteElo "1461"]
[BlackElo "1620"]
[WhiteClock "00:14:36"]
[BlackClock "00:51:21"]
[PlyCount "119"]
[WhiteFideId "16232755"]
[BlackFideId "16228936"]
[EventCountry "GER"]
[EventRounds "11"]
[EventType "swiss"]
[EventDate "2017.06.03"]

1. e4 {[%clk 1:15:58]} 1... c5 {[%clk 1:15:57]} 2. Nf3 {[%clk 1:16:23]} 2...
Nc6 {[%clk 1:16:25]} 3. d4 {[%clk 1:16:44]} 3... cxd4 {[%clk 1:16:51]} 4. Nxd4
{[%clk 1:17:09]} 4... Nf6 {[%clk 1:17:16]} 5. Nc3 {[%clk 1:17:25]} 5... e5 {
[%clk 1:17:42]} 6. Ndb5 {[%clk 1:17:43]} 6... d6 {[%clk 1:15:34]} 7. Bg5 {
[%clk 1:17:57]} 7... a6 {[%clk 1:15:58]} 8. Na3 {[%clk 1:18:13]} 8... b5 {
[%clk 1:16:23]} 9. Nd5 {[%clk 1:18:32]} 9... Be7 {[%clk 1:16:44]} 10. Bxf6 {
[%clk 1:18:51]} 10... Bxf6 {[%clk 1:17:10]} 11. c4 {[%clk 1:19:10]} 11... b4 {
[%clk 1:16:10]} 12. Nc2 {[%clk 1:19:28]} 12... a5 {[%clk 1:16:02]} 13. Be2 {
[%clk 1:19:27]} 13... O-O {[%clk 1:16:16]} 14. O-O {[%clk 1:19:51]} 14... Be6 {
[%clk 1:16:02]} 15. Qd3 {[%clk 1:19:22]} 15... Bxd5 {[%clk 1:15:51]} 16. Qxd5 {
[%clk 1:19:20]} 16... Ne7 {[%clk 1:16:13]} 17. Qd3 {[%clk 1:18:57]} 17... Qc7 {
[%clk 1:16:14]} 18. Bf3 {[%clk 1:16:35]} 18... g6 {[%clk 1:16:18]} 19. Qe2 {
[%clk 1:15:55]} 19... Bg7 {[%clk 1:16:39]} 20. Rad1 {[%clk 1:13:48]} 20... Rfd8
{[%clk 1:16:40]} 21. Rfe1 {[%clk 1:10:46]} 21... Rac8 {[%clk 1:16:52]} 22. b3 {
[%clk 1:10:35]} 22... f5 {[%clk 1:15:04]} 23. Ne3 {[%clk 1:04:56]} 23... f4 {
[%clk 1:15:16]} 24. Nd5 {[%clk 1:02:53]} 24... Nxd5 {[%clk 1:15:19]} 25. Rxd5 {
[%clk 1:03:12]} 25... Ra8 {[%clk 1:13:40]} 26. Red1 {[%clk 1:02:31]} 26... Bf8
{[%clk 1:13:18]} 27. Qd2 {[%clk 1:01:35]} 27... Be7 {[%clk 1:13:35]} 28. h3 {
[%clk 0:49:11]} 28... Rdb8 {[%clk 1:11:54]} 29. c5 {[%clk 0:47:09]} 29... Bf6 {
[%clk 0:56:44]} 30. cxd6 {[%clk 0:47:08]} 30... Qc3 {[%clk 0:56:32]} 31. Rc1 {
[%clk 0:38:26]} 31... Qxd2 {[%clk 0:56:31]} 32. Rxd2 {[%clk 0:38:51]} 32... a4
{[%clk 0:56:40]} 33. d7 {[%clk 0:35:32]} 33... axb3 {[%clk 0:56:22]} 34. axb3 {
[%clk 0:35:51]} 34... Kf7 {[%clk 0:56:36]} 35. Rc7 {[%clk 0:32:36]} 35... Rd8 {
[%clk 0:56:03]} 36. Kf1 {[%clk 0:27:15]} 36... Ke7 {[%clk 0:55:27]} 37. Rb7 {
[%clk 0:18:59]} 37... Rab8 {[%clk 0:55:41]} 38. Rxb8 {[%clk 0:19:10]} 38...
Rxb8 {[%clk 0:56:06]} 39. Be2 {[%clk 0:19:06]} 39... Kd8 {[%clk 0:54:06]} 40.
Ba6 {[%clk 0:18:26]} 40... Be7 {[%clk 0:52:22]} 41. Bc8 {[%clk 0:17:45]} 41...
Rb5 {[%clk 0:51:14]} 42. Ke2 {[%clk 0:17:25]} 42... Rc5 {[%clk 0:51:37]} 43.
Rd3 {[%clk 0:15:05]} 43... Rc3 {[%clk 0:51:52]} 44. Kd2 {[%clk 0:13:35]} 44...
Rxd3+ {[%clk 0:51:39]} 45. Kxd3 {[%clk 0:13:57]} 45... h6 {[%clk 0:51:58]} 46.
Kc4 {[%clk 0:13:29]} 46... Bd6 {[%clk 0:51:50]} 47. Kd5 {[%clk 0:13:30]} 47...
Bc7 {[%clk 0:49:17]} 48. Kc5 {[%clk 0:13:27]} 48... Bb8 {[%clk 0:49:02]} 49.
Kxb4 {[%clk 0:13:35]} 49... Ba7 {[%clk 0:49:24]} 50. f3 {[%clk 0:13:56]} 50...
Bb8 {[%clk 0:49:42]} 51. Kb5 {[%clk 0:13:40]} 51... Kc7 {[%clk 0:49:46]} 52.
Ka6 {[%clk 0:13:22]} 52... g5 {[%clk 0:49:07]} 53. b4 {[%clk 0:13:08]} 53... h5
{[%clk 0:49:11]} 54. b5 {[%clk 0:13:15]} 54... h4 {[%clk 0:49:28]} 55. b6+ {
[%clk 0:13:30]} 55... Kd8 {[%clk 0:49:47]} 56. Kb7 {[%clk 0:13:22]} 56... Bd6 {
[%clk 0:50:12]} 57. Ka8 {[%clk 0:13:40]} 57... g4 {[%clk 0:50:35]} 58. hxg4 {
[%clk 0:13:54]} 58... h3 {[%clk 0:50:59]} 59. gxh3 {[%clk 0:14:21]} 59... Be7 {
[%clk 0:51:21]} 60. b7 {[%clk 0:14:36]} 1-0

[Event "DEM U10 2017"]
[Site "Willingen GER"]
[Date "2017.06.07"]
[Round "6"]
[White "Hecht, Jonas Christian"]
[Black "Böhm, Karl"]
[Result "1-0"]
[Termination "normal"]
[Board "9"]
[WhiteElo "1465"]
[BlackElo "1516"]
[WhiteClock "00:44:54"]
[BlackClock "00:39:16"]
[PlyCount "75"]
[WhiteFideId "16214846"]
[BlackFideId "16209800"]
[EventCountry "GER"]
[EventRounds "11"]
[EventType "swiss"]
[EventDate "2017.06.03"]

1. d4 {[%clk 1:15:58]} 1... Nf6 {[%clk 1:15:54]} 2. Nf3 {[%clk 1:16:21]} 2...
e6 {[%clk 1:16:18]} 3. Bf4 {[%clk 1:16:47]} 3... d5 {[%clk 1:16:41]} 4. e3 {
[%clk 1:17:04]} 4... Nbd7 {[%clk 1:16:46]} 5. Nbd2 {[%clk 1:17:21]} 5... Be7 {
[%clk 1:17:00]} 6. Bd3 {[%clk 1:17:44]} 6... O-O {[%clk 1:17:14]} 7. O-O {
[%clk 1:18:05]} 7... c6 {[%clk 1:17:30]} 8. Re1 {[%clk 1:17:56]} 8... Qb6 {
[%clk 1:15:56]} 9. Rb1 {[%clk 1:17:35]} 9... c5 {[%clk 1:10:42]} 10. c3 { [%clk
1:17:44]} 10... h6 {[%clk 1:07:03]} 11. h3 {[%clk 1:17:28]} 11... Bd6 { [%clk
1:05:05]} 12. Ne5 {[%clk 1:14:45]} 12... Nxe5 {[%clk 1:04:52]} 13. dxe5 { [%clk
1:14:01]} 13... c4 {[%clk 1:04:24]} 14. Bc2 {[%clk 1:13:48]} 14... Be7 { [%clk
1:03:53]} 15. exf6 {[%clk 1:13:59]} 15... Bxf6 {[%clk 1:04:18]} 16. e4 { [%clk
1:10:39]} 16... e5 {[%clk 1:03:06]} 17. Bh2 {[%clk 1:10:20]} 17... Rd8 { [%clk
1:00:46]} 18. exd5 {[%clk 1:08:58]} 18... Rxd5 {[%clk 1:00:30]} 19. Qe2 { [%clk
1:08:25]} 19... Qa5 {[%clk 0:46:38]} 20. Nxc4 {[%clk 1:08:18]} 20... Qb5 {[%clk
0:45:43]} 21. Bd3 21... Qc5 {[%clk 0:43:41]} 22. Rbd1 {[%clk 1:05:26]} 22...
Be6 {[%clk 0:43:33]} 23. Nxe5 {[%clk 0:58:01]} 23... Rad8 {[%clk 0:43:38] } 24.
c4 {[%clk 0:57:27]} 24... Rd4 {[%clk 0:42:08]} 25. Nf3 {[%clk 0:56:30]} 25...
R4d7 {[%clk 0:41:16]} 26. Bc2 {[%clk 0:54:32]} 26... Bxc4 {[%clk 0:41:00] } 27.
Qe8+ {[%clk 0:53:28]} 27... Qf8 {[%clk 0:41:25]} 28. Bh7+ {[%clk 0:53:49] }
28... Kxh7 {[%clk 0:41:25]} 29. Qxf8 {[%clk 0:53:46]} 29... Rxf8 { [%clk
0:41:33]} 30. Rxd7 {[%clk 0:54:08]} 30... Bxb2 {[%clk 0:41:46]} 31. Be5 { [%clk
0:52:10]} 31... Ba3 {[%clk 0:42:03]} 32. Bd6 {[%clk 0:51:22]} 32... Bxd6 {[%clk
0:39:13]} 33. Rxd6 {[%clk 0:49:47]} 33... Bxa2 {[%clk 0:39:37]} 34. Ra1 {[%clk
0:49:46]} 34... Bc4 {[%clk 0:39:52]} 35. Rxa7 {[%clk 0:49:54]} 35... Ba6 {[%clk
0:40:16]} 36. Ne5 {[%clk 0:49:30]} 36... Re8 {[%clk 0:40:30]} 37. Nd7 { [%clk
0:44:53]} 37... Re1+ {[%clk 0:39:16]} 38. Kh2 {[%clk 0:44:54]} 1-0

[Event "DEM U10 2017"]
[Site "Willingen GER"]
[Date "2017.06.07"]
[Round "6"]
[White "von Mettenheim, Johannes"]
[Black "Strehse, Nelson"]
[Result "1-0"]
[Termination "normal"]
[Board "10"]
[WhiteElo "1407"]
[BlackElo "1042"]
[WhiteClock "00:25:35"]
[BlackClock "00:23:00"]
[PlyCount "115"]
[WhiteFideId "16244818"]
[BlackFideId "16228898"]
[EventCountry "GER"]
[EventRounds "11"]
[EventType "swiss"]
[EventDate "2017.06.03"]

1. d4 {[%clk 1:15:59]} 1... d5 {[%clk 1:15:49]} 2. c4 {[%clk 1:16:25]} 2... e6
{[%clk 1:15:53]} 3. Nc3 {[%clk 1:16:51]} 3... Nf6 {[%clk 1:15:50]} 4. Bg5 {
[%clk 1:17:13]} 4... Be7 {[%clk 1:15:44]} 5. e3 {[%clk 1:17:36]} 5... Nbd7 {
[%clk 1:14:59]} 6. Nf3 {[%clk 1:17:46]} 6... O-O {[%clk 1:14:42]} 7. Rc1 {
[%clk 1:18:08]} 7... c6 {[%clk 1:14:38]} 8. Bd3 {[%clk 1:16:59]} 8... Re8 {
[%clk 1:13:43]} 9. O-O {[%clk 1:11:47]} 9... dxc4 {[%clk 1:12:21]} 10. Bxc4 {
[%clk 1:05:56]} 10... Nd5 {[%clk 1:09:13]} 11. Bxe7 {[%clk 1:01:48]} 11... Qxe7
12. Bd3 {[%clk 0:59:08]} 12... Nxc3 {[%clk 1:06:08]} 13. Rxc3 {[%clk 0:59:08]}
13... e5 {[%clk 1:06:07]} 14. Bb1 14... e4 {[%clk 1:04:17]} 15. Nd2 { [%clk
0:56:17]} 15... Nf6 {[%clk 1:03:31]} 16. Nb3 {[%clk 0:54:22]} 16... Bg4 { [%clk
1:01:30]} 17. Qc2 {[%clk 0:54:09]} 17... Nd5 {[%clk 1:00:41]} 18. Rc5 { [%clk
0:52:53]} 18... b6 {[%clk 0:59:45]} 19. Rc4 {[%clk 0:51:20]} 19... Qg5 { [%clk
0:55:29]} 20. Kh1 {[%clk 0:37:58]} 20... Re6 {[%clk 0:53:15]} 21. Rxc6 { [%clk
0:37:01]} 21... Rxc6 {[%clk 0:49:52]} 22. Qxc6 {[%clk 0:37:19]} 22... Rd8
{[%clk 0:39:55]} 23. Bxe4 {[%clk 0:36:40]} 23... Nf6 {[%clk 0:37:09]} 24. Bf3
24... Qh5 {[%clk 0:35:56]} 25. Qc7 {[%clk 0:31:13]} 25... Rf8 {[%clk 0:34:58]}
26. Bxg4 {[%clk 0:30:50]} 26... Qxg4 {[%clk 0:32:39]} 27. f3 {[%clk 0:28:13]}
27... Qh4 {[%clk 0:30:46]} 28. Qg3 {[%clk 0:27:17]} 28... Qh5 {[%clk 0:30:53]}
29. e4 {[%clk 0:27:26]} 29... Qb5 {[%clk 0:29:54]} 30. Qf2 {[%clk 0:27:11]}
30... a5 {[%clk 0:29:47]} 31. d5 {[%clk 0:26:41]} 31... a4 {[%clk 0:29:45]} 32.
Nd4 {[%clk 0:27:00]} 32... Qc4 {[%clk 0:29:46]} 33. b3 {[%clk 0:26:58]} 33...
axb3 {[%clk 0:29:10]} 34. axb3 {[%clk 0:27:21]} 34... Qc5 {[%clk 0:29:22]} 35.
Nc6 {[%clk 0:27:14]} 35... Ra8 {[%clk 0:29:06]} 36. Qxc5 {[%clk 0:27:33]} 36...
bxc5 {[%clk 0:29:15]} 37. h4 {[%clk 0:25:57]} 37... Ra3 {[%clk 0:29:12]} 38. b4
{[%clk 0:26:03]} 38... c4 {[%clk 0:29:21]} 39. b5 {[%clk 0:26:16]} 39... Nd7 {
[%clk 0:29:07]} 40. Rc1 {[%clk 0:24:51]} 40... c3 {[%clk 0:29:07]} 41. Kh2 {
[%clk 0:24:48]} 41... Kf8 {[%clk 0:29:22]} 42. Kg3 {[%clk 0:25:14]} 42... Nb6 {
[%clk 0:29:34]} 43. Kf4 {[%clk 0:25:11]} 43... Ke8 {[%clk 0:29:37]} 44. Ke3 {
[%clk 0:25:20]} 44... Kd7 {[%clk 0:28:52]} 45. Kd4 {[%clk 0:25:24]} 45... Na4 {
[%clk 0:27:40]} 46. Kc4 {[%clk 0:23:58]} 46... Nb6+ {[%clk 0:25:22]} 47. Kb4 {
[%clk 0:24:06]} 47... Ra4+ {[%clk 0:24:58]} 48. Kxc3 {[%clk 0:24:13]} 48...
Rc4+ {[%clk 0:24:38]} 49. Kd2 {[%clk 0:24:28]} 49... Kd6 {[%clk 0:24:47]} 50.
Rxc4 {[%clk 0:24:27]} 50... Nxc4+ {[%clk 0:25:06]} 51. Kc3 {[%clk 0:24:41]}
51... Kc5 {[%clk 0:24:54]} 52. Nd4 {[%clk 0:24:42]} 52... Ne3 {[%clk 0:24:55]}
53. d6 {[%clk 0:24:41]} 53... Kb6 {[%clk 0:23:55]} 54. Nc6 {[%clk 0:24:33]}
54... Kb7 {[%clk 0:23:25]} 55. d7 {[%clk 0:24:55]} 55... f5 {[%clk 0:23:30]}
56. d8=Q {[%clk 0:25:13]} 56... Nd1+ {[%clk 0:22:57]} 57. Kd4 {[%clk 0:25:35]}
57... fxe4 {[%clk 0:23:00]} 58. Qb8# 1-0

[Event "DEM U10 2017"]
[Site "Willingen GER"]
[Date "2017.06.07"]
[Round "6"]
[White "Phan Trong, Dai"]
[Black "Petzke, Julian"]
[Result "1/2-1/2"]
[Termination "normal"]
[Board "11"]
[WhiteElo "1392"]
[BlackElo "1279"]
[WhiteClock "00:46:32"]
[BlackClock "00:41:41"]
[PlyCount "81"]
[WhiteFideId "16236939"]
[BlackFideId "16244885"]
[EventCountry "GER"]
[EventRounds "11"]
[EventType "swiss"]
[EventDate "2017.06.03"]

1. c4 {[%clk 1:15:59]} 1... e6 {[%clk 1:15:55]} 2. Nc3 {[%clk 1:16:22]} 2... d5
{[%clk 1:16:16]} 3. cxd5 {[%clk 1:16:42]} 3... exd5 {[%clk 1:16:36]} 4. d4 {
[%clk 1:17:04]} 4... Nf6 {[%clk 1:16:56]} 5. g3 {[%clk 1:17:16]} 5... Bb4 {
[%clk 1:17:17]} 6. Bg5 {[%clk 1:17:21]} 6... Be6 {[%clk 1:17:34]} 7. Bg2 {
[%clk 1:17:38]} 7... O-O {[%clk 1:17:47]} 8. Nf3 {[%clk 1:17:37]} 8... c6 {
[%clk 1:17:39]} 9. O-O {[%clk 1:17:52]} 9... Nbd7 {[%clk 1:17:42]} 10. a3 {
[%clk 1:17:29]} 10... Bd6 {[%clk 1:16:19]} 11. e4 {[%clk 1:15:57]} 11... dxe4 {
[%clk 1:16:14]} 12. Nxe4 {[%clk 1:16:01]} 12... Be7 {[%clk 1:16:08]} 13. Nc3 {
[%clk 1:15:06]} 13... Nd5 {[%clk 1:14:15]} 14. Bxe7 {[%clk 1:14:10]} 14... Qxe7
{[%clk 1:14:35]} 15. Re1 {[%clk 1:14:27]} 15... Qd8 {[%clk 1:14:03]} 16. Qc2 {
[%clk 1:13:01]} 16... N7f6 {[%clk 1:13:47]} 17. Na4 {[%clk 1:11:58]} 17... Re8
{[%clk 1:12:16]} 18. Nc5 {[%clk 1:11:50]} 18... Rb8 {[%clk 1:11:52]} 19. Nxe6 {
[%clk 1:11:41]} 19... Rxe6 {[%clk 1:09:48]} 20. Rxe6 {[%clk 1:11:00]} 20...
fxe6 {[%clk 1:10:09]} 21. Re1 {[%clk 1:11:25]} 21... Qd7 {[%clk 1:08:21]} 22.
Bh3 {[%clk 1:10:00]} 22... Re8 {[%clk 1:05:54]} 23. Qe2 {[%clk 1:06:10]} 23...
Nc7 {[%clk 1:05:41]} 24. Qe5 {[%clk 1:05:44]} 24... h6 {[%clk 1:02:38]} 25. Nd2
{[%clk 1:02:20]} 25... Nh7 {[%clk 0:54:42]} 26. Ne4 {[%clk 1:00:53]} 26... Nf8
{[%clk 0:49:24]} 27. Nc5 {[%clk 1:00:22]} 27... Qc8 {[%clk 0:47:59]} 28. Nd3 {
[%clk 0:54:57]} 28... Nd5 {[%clk 0:47:33]} 29. Nf4 {[%clk 0:54:11]} 29... Nxf4
{[%clk 0:47:39]} 30. gxf4 {[%clk 0:54:03]} 30... Kf7 {[%clk 0:41:24]} 31. Qh5+
{[%clk 0:48:32]} 31... Ng6 {[%clk 0:41:03]} 32. f5 {[%clk 0:48:50]} 32... exf5
{[%clk 0:41:23]} 33. Rxe8 {[%clk 0:48:45]} 33... Qxe8 {[%clk 0:41:43]} 34. Bxf5
{[%clk 0:48:56]} 34... Kf6 {[%clk 0:40:56]} 35. Bxg6 {[%clk 0:46:00]} 35...
Qxg6+ {[%clk 0:41:14]} 36. Qxg6+ {[%clk 0:46:15]} 36... Kxg6 {[%clk 0:41:37]}
37. Kg2 {[%clk 0:46:16]} 37... Kf5 {[%clk 0:41:47]} 38. Kf3 {[%clk 0:46:42]}
38... b6 {[%clk 0:41:48]} 39. b4 {[%clk 0:46:17]} 39... b5 {[%clk 0:41:49]} 40.
h3 {[%clk 0:46:18]} 40... g5 {[%clk 0:41:41]} 41. Ke3 {[%clk 0:46:32]} 1/2-1/2

[Event "DEM U10 2017"]
[Site "Willingen GER"]
[Date "2017.06.07"]
[Round "6"]
[White "Laucht, Philipp"]
[Black "Weissenberger, Julius"]
[Result "0-1"]
[Termination "normal"]
[Board "12"]
[WhiteElo "1316"]
[BlackElo "1381"]
[WhiteClock "00:19:18"]
[BlackClock "00:14:19"]
[PlyCount "142"]
[WhiteFideId "16244869"]
[BlackFideId "16244826"]
[EventCountry "GER"]
[EventRounds "11"]
[EventType "swiss"]
[EventDate "2017.06.03"]

1. e4 {[%clk 1:15:57]} 1... c5 {[%clk 1:15:55]} 2. Nf3 {[%clk 1:16:22]} 2... e6
{[%clk 1:15:53]} 3. d4 {[%clk 1:16:41]} 3... cxd4 {[%clk 1:16:17]} 4. Nxd4 {
[%clk 1:17:00]} 4... Nf6 {[%clk 1:15:49]} 5. Nc3 {[%clk 1:17:20]} 5... a6 {
[%clk 1:16:06]} 6. Be3 {[%clk 1:17:22]} 6... Nc6 {[%clk 1:15:34]} 7. f3 { [%clk
1:17:29]} 7... Be7 8. Qd2 8... Bb4 {[%clk 1:12:24]} 9. Bc4 { [%clk 1:15:39]}
9... O-O {[%clk 1:10:53]} 10. O-O-O {[%clk 1:15:57]} 10... Na5 {[%clk 1:06:59]}
11. Be2 {[%clk 1:11:21]} 11... Qc7 {[%clk 1:01:37]} 12. g4 { [%clk 1:06:50]}
12... Bxc3 {[%clk 0:59:22]} 13. Qxc3 {[%clk 1:03:03]} 13... Qxc3 {[%clk
0:59:41]} 14. bxc3 {[%clk 1:03:25]} 14... d5 {[%clk 0:58:02]} 15. e5 {[%clk
1:00:54]} 15... Nd7 {[%clk 0:58:00]} 16. Bf4 {[%clk 0:59:38]} 16... b5 {[%clk
0:56:41]} 17. h4 {[%clk 0:58:18]} 17... Bb7 {[%clk 0:55:17]} 18. h5 { [%clk
0:52:15]} 18... Rac8 {[%clk 0:53:00]} 19. Kb2 {[%clk 0:49:55]} 19... Rc7 {[%clk
0:52:23]} 20. g5 {[%clk 0:47:59]} 20... Rfc8 {[%clk 0:51:49]} 21. Rd3 { [%clk
0:46:27]} 21... Nc5 {[%clk 0:51:51]} 22. Rdd1 {[%clk 0:43:08]} 22... Na4+
{[%clk 0:52:00]} 23. Ka1 {[%clk 0:43:15]} 23... Nxc3 {[%clk 0:49:49]} 24. Rd2 {
[%clk 0:42:45]} 24... Nc6 {[%clk 0:45:27]} 25. Nxc6 {[%clk 0:41:59]} 25... Rxc6
{[%clk 0:44:49]} 26. Bd3 {[%clk 0:37:49]} 26... b4 {[%clk 0:38:33]} 27. g6 {
[%clk 0:34:56]} 27... h6 {[%clk 0:37:19]} 28. gxf7+ {[%clk 0:33:34]} 28... Kxf7
29. Bg6+ 29... Kf8 {[%clk 0:34:35]} 30. Rh4 {[%clk 0:30:40]} 30... Rc5 { [%clk
0:32:43]} 31. Rg2 {[%clk 0:23:04]} 31... Ra5 {[%clk 0:31:14]} 32. Kb2 { [%clk
0:21:35]} 32... Rxa2+ {[%clk 0:30:15]} 33. Kc1 {[%clk 0:21:42]} 33... b3 {[%clk
0:27:57]} 34. Bxh6 {[%clk 0:13:07]} 34... gxh6 {[%clk 0:25:53]} 35. Rf4+ {[%clk
0:12:34]} 35... Ke7 36. Rf7+ 36... Kd8 {[%clk 0:21:49]} 37. Bd3 { [%clk
0:05:49]} 37... Bc6 {[%clk 0:16:16]} 38. Rg8+ {[%clk 0:04:52]} 38... Be8 {[%clk
0:16:36]} 39. Rb7 {[%clk 0:03:32]} 39... b2+ {[%clk 0:16:03]} 40. Rxb2 { [%clk
0:03:46]} 40... Rxb2 {[%clk 0:15:25]} 41. Kxb2 {[%clk 0:04:15]} 41... Kd7
{[%clk 0:04:09]} 42. Bg6 {[%clk 0:00:36]} 42... Na4+ {[%clk 0:01:47]} 43. Ka3 {
[%clk 0:14:59]} 43... Nb6 {[%clk 0:16:41]} 44. Rg7+ {[%clk 0:14:14]} 44... Kc6
{[%clk 0:13:15]} 45. Bxe8+ {[%clk 0:13:33]} 45... Rxe8 {[%clk 0:13:17]} 46. Rg6
{[%clk 0:13:26]} 46... Nc4+ {[%clk 0:13:32]} 47. Ka4 {[%clk 0:13:32]} 47...
Nxe5 {[%clk 0:13:28]} 48. Rf6 {[%clk 0:13:39]} 48... Kd6 {[%clk 0:13:15]} 49.
Rxh6 {[%clk 0:13:49]} 49... Rf8 {[%clk 0:12:45]} 50. Rh7 {[%clk 0:13:59]} 50...
Rf7 {[%clk 0:11:59]} 51. Rh8 {[%clk 0:14:07]} 51... Nxf3 {[%clk 0:11:39]} 52.
Ra8 {[%clk 0:14:10]} 52... Rh7 {[%clk 0:11:46]} 53. Rxa6+ {[%clk 0:14:28]}
53... Ke5 {[%clk 0:12:06]} 54. Ra5 {[%clk 0:14:42]} 54... Rxh5 {[%clk 0:12:15]}
55. Kb4 {[%clk 0:14:13]} 55... Ke4 {[%clk 0:12:06]} 56. c4 {[%clk 0:14:28]}
56... Nd4 {[%clk 0:11:02]} 57. c5 {[%clk 0:14:31]} 57... Nc6+ {[%clk 0:11:22]}
58. Kb5 {[%clk 0:14:51]} 58... Nxa5 {[%clk 0:11:45]} 59. Kxa5 {[%clk 0:15:20]}
59... d4 {[%clk 0:11:59]} 60. Kb6 {[%clk 0:15:46]} 60... Rxc5 {[%clk 0:12:23]}
61. Kxc5 {[%clk 0:16:14]} 61... d3 {[%clk 0:12:46]} 62. Kd6 {[%clk 0:16:24]}
62... d2 {[%clk 0:13:08]} 63. Kxe6 {[%clk 0:16:51]} 63... d1=Q {[%clk 0:13:30]}
64. Kf6 {[%clk 0:17:16]} 64... Qd6+ {[%clk 0:13:49]} 65. Kg5 {[%clk 0:17:34]}
65... Qf4+ {[%clk 0:14:11]} 66. Kg6 {[%clk 0:18:00]} 66... Qf5+ {[%clk 0:14:27]
} 67. Kg7 {[%clk 0:18:15]} 67... Ke5 {[%clk 0:14:46]} 68. Kg8 {[%clk 0:18:42]}
68... Ke6 {[%clk 0:14:56]} 69. Kh8 {[%clk 0:18:52]} 69... Qg5 70. Kh7 70... Kf7
{[%clk 0:14:19]} 71. Kh8 {[%clk 0:19:18]} 71... Qg8# 0-1

[Event "DEM U10 2017"]
[Site "Willingen GER"]
[Date "2017.06.07"]
[Round "6"]
[White "Breitkopf-Lazar, Patrick-Robert"]
[Black "Richter, Nicholas"]
[Result "1-0"]
[Termination "normal"]
[Board "13"]
[WhiteElo "1297"]
[BlackElo "1369"]
[PlyCount "91"]
[WhiteFideId "16213742"]
[BlackFideId "16244834"]
[EventCountry "GER"]
[EventRounds "11"]
[EventType "swiss"]
[EventDate "2017.06.03"]

1. e4 e5 2. Nf3 Nc6 3. Bc4 Bc5 4. O-O Nf6 5. d4 Bxd4 6. Nxd4 Nxd4 7. f4 d6 8.
fxe5 dxe5 9. Bg5 Qe7 10. c3 Nc6 11. b4 Bd7 12. Bxf6 gxf6 13. Qf3 Rf8 14. Qxf6
Qxf6 15. Rxf6 Ke7 16. Rf2 Rad8 17. Na3 a6 18. Raf1 Be6 19. Bxe6 Kxe6 20. b5 Na7
21. bxa6 bxa6 22. Rf6+ Ke7 23. Rxa6 Nc8 24. Nb5 Rd7 25. c4 Nd6 26. Rc6 Nxb5 27.
cxb5 Rb8 28. Rc5 f6 29. Rfc1 Rb7 30. a4 Ra7 31. R5c4 h6 32. h3 Kf7 33. Ra1 Ra5
34. Rc6 Ke7 35. Ra6 Rxa6 36. bxa6 c5 37. Rc1 Rc7 38. Rb1 Kd6 39. Rb6+ Ke7 40.
Rb7 Kd7 41. a7 Rxb7 42. a8=Q Rb1+ 43. Kh2 Rc1 44. Qd5+ Kc7 45. Qd2 Rc4 46. Qa5+
1-0

[Event "DEM U10 2017"]
[Site "Willingen GER"]
[Date "2017.06.07"]
[Round "6"]
[White "Fuchs, Thomas"]
[Black "Bakiev, Diyor"]
[Result "0-1"]
[Termination "normal"]
[Board "14"]
[WhiteElo "1366"]
[BlackElo "1111"]
[PlyCount "62"]
[WhiteFideId "16230574"]
[BlackFideId "16241584"]
[EventCountry "GER"]
[EventRounds "11"]
[EventType "swiss"]
[EventDate "2017.06.03"]

1. d4 d5 2. c4 e6 3. Nc3 c5 4. cxd5 exd5 5. Nf3 Nc6 6. Bg5 Be7 7. Bxe7 Ngxe7 8.
e3 c4 9. e4 Be6 10. Ng5 O-O 11. Qh5 h6 12. Nxe6 fxe6 13. exd5 exd5 14. Qg4 Qb6
15. O-O-O Rxf2 16. Be2 Nb4 17. Rd2 Raf8 18. Re1 Nc8 19. a3 Nd3+ 20. Bxd3 Rxd2
21. Kxd2 cxd3 22. Kxd3 Qxb2 23. Qe6+ Kh8 24. Qxd5 Qb6 25. Na4 Qa6+ 26. Qc4 b5
27. Qb4 bxa4+ 28. Kc3 Rd8 29. Qc5 Nb6 30. Re6 Rc8 31. Rc6 Nd5+ 0-1

[Event "DEM U10 2017"]
[Site "Willingen GER"]
[Date "2017.06.07"]
[Round "6"]
[White "Fathke, Luke"]
[Black "Reichmann, Felix"]
[Result "0-1"]
[Termination "normal"]
[Board "15"]
[WhiteElo "1327"]
[BlackElo "1550"]
[PlyCount "68"]
[WhiteFideId "16230230"]
[BlackFideId "16238290"]
[EventCountry "GER"]
[EventRounds "11"]
[EventType "swiss"]
[EventDate "2017.06.03"]

1. e4 c5 2. Nf3 g6 3. d4 cxd4 4. Qxd4 Nf6 5. e5 Nc6 6. Qa4 Nd5 7. Qe4 Nb6 8.
Nc3 Bg7 9. Bb5 O-O 10. Bf4 a6 11. Bd3 Re8 12. Qe2 d5 13. O-O Bg4 14. Rfe1 d4
15. Nd1 Nd5 16. Bg3 Rc8 17. h3 Bxf3 18. Qxf3 e6 19. a3 Qg5 20. Qg4 Qxg4 21.
hxg4 b5 22. Be4 Nxe5 23. Bxe5 Bxe5 24. Bxg6 Bh2+ 25. Kxh2 hxg6 26. Re2 Kg7 27.
Rd2 Rh8+ 28. Kg1 Rc6 29. Rxd4 Rxc2 30. f3 Rhc8 31. Nf2 Rxb2 32. Nd3 Rd2 33. Kf1
Ne3+ 34. Ke1 Rcc2 0-1

[Event "DEM U10 2017"]
[Site "Willingen GER"]
[Date "2017.06.07"]
[Round "6"]
[White "Müller, Maximilian"]
[Black "Fink, Moritz"]
[Result "1/2-1/2"]
[Termination "normal"]
[Board "16"]
[WhiteElo "1234"]
[BlackElo "1162"]
[PlyCount "46"]
[WhiteFideId "16243552"]
[BlackFideId "16235711"]
[EventCountry "GER"]
[EventRounds "11"]
[EventType "swiss"]
[EventDate "2017.06.03"]

1. Nf3 d5 2. d4 Nf6 3. e3 Bg4 4. Nbd2 e6 5. a3 Bd6 6. Bd3 O-O 7. O-O Nbd7 8. b3
c6 9. Bb2 Qe7 10. Re1 Rfe8 11. h3 Bh5 12. Qe2 e5 13. e4 exd4 14. Bxd4 dxe4 15.
Nxe4 Nxe4 16. Qxe4 Qxe4 17. Bxe4 Bg6 18. Bxg6 fxg6 19. Bb2 Nf6 20. Rad1 Rad8
21. Bxf6 Rxe1+ 22. Rxe1 gxf6 23. a4 Kf7 1/2-1/2

[Event "DEM U10 2017"]
[Site "Willingen GER"]
[Date "2017.06.07"]
[Round "6"]
[White "Neuwirth, Mark"]
[Black "Stork, Christopher"]
[Result "0-1"]
[Termination "normal"]
[Board "17"]
[WhiteElo "1123"]
[BlackElo "1630"]
[PlyCount "58"]
[WhiteFideId "16244958"]
[BlackFideId "16215400"]
[EventCountry "GER"]
[EventRounds "11"]
[EventType "swiss"]
[EventDate "2017.06.03"]

1. e4 c5 2. Nf3 Nc6 3. Bc4 e6 4. O-O a6 5. c3 Nf6 6. Re1 b5 7. Bb3 c4 8. Bc2
Bc5 9. h3 Qb6 10. Rf1 O-O 11. d4 cxd3 12. Qxd3 Qc7 13. Bg5 Ne5 14. Nxe5 Qxe5
15. Bxf6 Qxf6 16. e5 Qg6 17. Qxg6 fxg6 18. Nd2 Bb7 19. Be4 Bxe4 20. Nxe4 Bb6
21. Nd2 Rf5 22. Nf3 g5 23. Rad1 Ra7 24. Rd6 Bc5 25. Rd3 h5 26. g4 hxg4 27. hxg4
Rf4 28. Nxg5 Rxg4+ 29. Rg3 Rxg3+ 0-1